Revue de l'Alliance française : Association Nationale pour la propagation de la langue française dans les colonies et a l'étranger Association Nationale pour la propagation de la langue française dans les colonies et a l'étranger

Publicado: Paris : Alliance française , 1920
Descripción Física: 1 vol. ; periodicitat: trimestral ; 24 cm
Idioma: French

MARC

LEADER 00000nas a2200000 a 4500
001 28282
003 AGDB
005 20260324180156.0
008 160829s9999 xx 000 0 cat d
040 |a agdb  |b cat 
041 |a fre 
245 |a Revue de l'Alliance française :   |b Association Nationale pour la propagation de la langue française dans les colonies et a l'étranger 
247 |a Bulletin de l'Alliance française 
260 |a Paris :   |b Alliance française ;   |c [1920-1948] 
300 |a 1 vol. ;   |b periodicitat: trimestral ;   |c 24 cm 
310 |a Trimestral 
362 |a No. 1 (15avr. 1920)-1948 
590 |a Descripció basada en: No. 54 (jul. 1933).  
590 |a Prové de 4034, exp. 246. Hi ha un altre exemplar a la mateixa capsa. 
650 |a Alliance française  |x Revistes  |9 48577 
650 0 |a Francès  |9 66204  |v Revistes 
655 0 |9 55823  |a Revistes 
710 2 |9 69942  |a Alliance française 
866 |a 1933 (54) 
901 |a Arxiu 
942 |n 1  |2 udc  |c REV 
952 |0 0  |1 0  |4 0  |6 REV2324  |7 1  |9 54667  |a Arxiu  |b Arxiu  |d 2023-10-11  |o Rev-2324  |p 28282  |r 2016-12-01 00:00:00  |w 2016-12-01  |y ARXIU 
999 |c 58536  |d 58536